Normal view
MARC view
Entry Personal Name
001 - CONTROL NUMBER
- control field: 1236559
003 - CONTROL NUMBER IDENTIFIER
- control field: OSt
005 - DATE AND TIME OF LATEST TRANSACTION
- control field: 20260430150131.0
008 - FIXED-LENGTH DATA ELEMENTS
- fixed length control field: 260430|| aca||aabn | a|a d
040 ## - CATALOGING SOURCE
- Original cataloging agency: OSt
- Transcribing agency: OSt
100 ## - HEADING--PERSONAL NAME
- Personal name: Bhawani Shankar Au.; Ashok K. Prasad Gu
670 ## - SOURCE DATA FOUND
- Source citation: Work cat.: (OSt)1849030: Bhawani Shankar Au.; Ashok K. Prasad Gu., Synthesis if1-(E-1arylpropenon-3-yl)-tri-o-benzyl-D-glycals, Pentasubstituted chiral chromanrs, sugar-based 1 Azaindolizines and Methylidene succinimides of Biological Importance, 2022
